000 00671cam a22002293a 4500
001 595
003 PGUSA
005 20140828082950.0
008 960701s1996||||xxu|||||s|||||000 p eng d
040 _aPGUSA
_beng
042 _adc
050 4 _aPS
100 1 _aAldrich, Thomas Bailey,
_d1836-1907
245 1 4 _aThe Sisters' Tragedy, with Other Poems, Lyrical and Dramatic
_h[electronic resource] /
_cThomas Bailey Aldrich
260 _bProject Gutenberg,
_c1996
506 _aPublic domain in the USA.
516 _aElectronic text
653 _aAmerican poetry
830 0 _aProject Gutenberg
_v595
856 4 0 _uhttp://www.gutenberg.org/ebooks/595
942 _cEB
999 _c229946
_d229946